Winston S. Churchill: youth, 1874-1900. (Record no. 12491)
[ view plain ]
| 000 -LEADER | |
|---|---|
| fixed length control field | 00425cam a22001331 4500 |
| 050 00 - LIBRARY OF CONGRESS CALL NUMBER | |
| Classification Number | DA 566.9 .C 5 |
| Item Number | A 396 |
| 245 00 - TITLE | |
| Title | Winston S. Churchill: youth, 1874-1900. |
| Statement of responsibility, etc | Churchil, Randolph S. |
| 260 ## - PUBLICATION, DISTRIBUTION, ETC.(IMPRINT) | |
| Place of publication, distribution, etc | United State of America: |
| Date of publication, distribution, etc | 1966, |
| Name of publisher, distributor, etc | Boston.xxxxvii |
| 300 ## - PHYSICAL DESCRIPTION | |
| Extent | xxxxvii, 614 p.: |
| 500 ## - GENERALNOTE | |
| General note | "A Documents of history portfolio." |
| 500 ## - GENERALNOTE | |
| General note | In portfolio; title from portfolio. |
| 650 #0 - SUBJECT--TOPIC | |
| General subdivision | Portraits. |
| 942 ## - ADDED ENTRY ELEMENTS(KOHA) | |
| Source of classification or shelving scheme | Library of Congress Classification |
| Koha item type | General circulation |
No items available.